000 00755cam a2200253 a 4500
001 13978876
005 20180216033623.0
008 050523s2006 maua b 001 0 eng
010 _a 2005048922
020 _a0205439187 (alk. paper)
040 _aDLC
_cDLC
_dDLC
041 _aeng
042 _apcc
043 _an-us---
080 _a305.26
082 0 0 _a305.26 NOV
_222
100 1 _a50
101 _aSOC
245 1 0 _aIssues in aging /
_cMark Novak.
504 _aIncludes bibliographical references and index.
906 _a7
_bcbc
_corignew
_d1
_eocip
_f20
_gy-gencatlg
942 _2ddc
_cBK
999 _c42729
_d42729